The Birth of a new physics
The Birth of a New Physics has become a classic in the history of science. Here expanded by more than one-third and fully updated, it not only offers us the best account of the greatest scientific revolution but also tells us how we can know we live in a dynamic universe.
Đã lưu trong:
| 主要作者: | |
|---|---|
| 格式: | 圖書 |
| 語言: | Undetermined |
| 出版: |
New York
Penguin Books
1987
|
| 主題: | |
| 標簽: |
添加標簽
沒有標簽, 成為第一個標記此記錄!
|
| Thư viện lưu trữ: | Trung tâm Học liệu Trường Đại học Cần Thơ |
|---|
| LEADER | 00815nam a2200205Ia 4500 | ||
|---|---|---|---|
| 001 | CTU_80788 | ||
| 008 | 210402s9999 xx 000 0 und d | ||
| 082 | |a 531.09 | ||
| 082 | |b C678 | ||
| 100 | |a Cohen, I. Bernard | ||
| 245 | 4 | |a The Birth of a new physics | |
| 245 | 0 | |c I. Bernard Cohen | |
| 260 | |a New York | ||
| 260 | |b Penguin Books | ||
| 260 | |c 1987 | ||
| 520 | |a The Birth of a New Physics has become a classic in the history of science. Here expanded by more than one-third and fully updated, it not only offers us the best account of the greatest scientific revolution but also tells us how we can know we live in a dynamic universe. | ||
| 650 | |a Mechanic,Cơ học | ||
| 650 | |x History,Lịch sử | ||
| 904 | |i Trọng Hải, Trúc | ||
| 980 | |a Trung tâm Học liệu Trường Đại học Cần Thơ | ||